Culture générale thème Noël Marvin - Statistiques

Statistiques générales
  • Ce quiz a été pris 33 fois
  • Le résultat moyen est 11 sur 20
Statistiques - réponses
Questions Reponses % Correct
Qui prépare les cadeaux avec le père noël ? Lutins
91%
Quels sont les animaux traînant le traineau du père noël Rennes
91%
Dans la comptine de Noël vive le vent a qui souhaitent-on bonne année ? Grand-mère
88%
Que met on au sommet du sapin de Noël ? Étoile
85%
Selon certaines traditions qu'accroche-t-on au rebord de la cheminée pendant la période de Noël Chaussettes
79%
Quel signe astrologique êtes-vous si vous êtes né le 24 décembre ? Capricorne
76%
Quel personnage tout vert n'aime pas noël et souhaite voler les cadeaux et décoration Grinch
76%
Quel race de chien est utilisé comme chien de traineau ? Husky
76%
De quelle religion la fête de Noël est-elle Chrétienne
70%
Dans la comptine petit papa noël complétez les paroles "mais avant de partir...." Il faudra bien te couvrir
70%
A quel famille d'arbres appartiennent les arbre que mon décors pour Noël Coniferes
67%
Où le père noël habite-t-il Pôle nord
64%
Qui chante la célèbre chanson all i want for Christmas is you Mariah Carey
58%
Combien de guirlande lumineuse Y-a-t-il sur le sapin de mamie ? 3
55%
Comment dit-on joyeux Noël en anglais Merry christmas
42%
Selon la tradition quels sont les deux aliments que l'on met au pied de la cheminée Lait & biscuit
24%
Que cest-il passé à la période de Noël pendant la première guerre mondiale sur le front Trêve de Noël (joue aux cartes entre hommes)
15%
Quel est le record du nombre de sapin décoré dans une maison 444
9%
De quel pays viens la légende du père Noël Turquie
3%
Quel émission sera diffusée le 24 décembre 2021 sur TF1 a 21h05 Les douze coups de midi
0%
Aucun quiz correspondant
Distribution des résultats
% des personnes avec chaque résultat
Percentile par nombre de réponses
Votre historique - résultats
Vous n’avez pas pris ce quiz